| 000 | 01241cam a22002054a 4500 | ||
|---|---|---|---|
| 005 | 20250605164004.0 | ||
| 008 | 250528s ||||||||||||||||||||||||d | ||
| 035 | _a15734 | ||
| 020 | _a812903781 | ||
| 040 |
_aGR-AtMCL _bgre _dGR-AtMCL _eAACR2 |
||
| 245 | 1 | _aThe Great Wheel / The World Monetary System | |
| 260 |
_bQuadrangle, _c1973 |
||
| 300 | _a280 | ||
| 520 | _aThis book examines the economic crises of 1971 and outlines a new and constructive policy for international economic cooperation in the seventies. Introduction, Before World War II, The Money Machine, The Interwar Years: Beggar Whose Neighbor?, The Gold Exchange Standard and After, Some Conclusions, The Rise and Fall of the Bretton Woods System, The Bare Bones of Bretton Woods, 1949-1958: Beneficial Disequilibrium, 1958-1965: Revelation, 1965-1971: Disintegration, Transition, Reform, Capital Flows: Eurodollars, The Political Economy of World Money: Mercantilism Revisited, Keeping Afloat, How Business can Live the System, Forecasting Foreign Exchange Rates, The Politics of Exchange Rate Forecasting, Appendix, Bibliography, Index. | ||
| 700 | 1 |
_aBurtle James _91703 |
|
| 700 | 1 |
_aRolfe Sidney E _91704 |
|
| 942 | _cBK | ||
| 999 |
_c1289 _d1289 |
||